Sistema de programación, teleoperación, control y monitoreo para el brazo robot RX90
Guardat en:
| Autor principal: | |
|---|---|
| Format: | Llibre |
| Publicat: |
[San José, Costa Rica]
2009
|
| Matèries: | |
| Etiquetes: |
Afegir etiqueta
Sense etiquetes, Sigues el primer a etiquetar aquest registre!
|
MARC
| LEADER | 00000nam a2200000Ia 4500 | ||
|---|---|---|---|
| 003 | 001486 | ||
| 005 | 20221231144044.0 | ||
| 008 | 140114s2009 cr a 000 ||s d | ||
| 040 | |c cru CEDI | ||
| 090 | |a TFG 6005 | ||
| 100 | |a Matamoros Monge, Daniel José |9 3484 | ||
| 245 | |a Sistema de programación, teleoperación, control y monitoreo para el brazo robot RX90 | ||
| 260 | |c 2009 |b [San José, Costa Rica] | ||
| 300 | |a 97 hojas; ilustraciones a color | ||
| 500 | |a Tesis (licenciatura en ingeniería eléctrica)--Universidad de Costa Rica. Facultad de Ingeniería. Escuela de Ingeniería Eléctrica | ||
| 650 | |x ROBOTICAS |x CONTROL REMOTO |x SISTEMAS DE CONTROL |x PROGRAMACION (COMPUTADORAS ELECTRONICAS) |x ROBOTS |x JAVA (LENGUAJE DE PROGRAMACION PARA COMPUTADORA) |x SERVIDORES WEB |9 3485 | ||
| 942 | |c TFG | ||
| 999 | |c 16223 |d 16223 | ||
